| 000 | 00342nam a22001217a 4500 | ||
|---|---|---|---|
| 020 | _a8124203113 | ||
| 082 |
_a659.2 _bBLA |
||
| 100 | _aBlack, Caroline | ||
| 245 |
_aThe PR Practitioner's: _bA Handbook / _cCaroline, Black |
||
| 260 |
_aNew Delhi : _bViva Books Private Limited, _c2003. |
||
| 300 |
_a243 p. ; _c25 cm. |
||
| 942 |
_2ddc _cBK |
||
| 999 |
_c591520 _d591520 |
||